| 000 | 004530000a22001810004500 | ||
|---|---|---|---|
| 003 | MACL | ||
| 005 | 20160129160600.0 | ||
| 008 | 160129b xxu||||| |||| 00| 0 eng d | ||
| 040 |
_aMACL _cMACL |
||
| 041 | _aEnglish | ||
| 082 | _a821/KUM | ||
| 100 |
_aDas, Bijay Kumar _922260 |
||
| 245 | _aThe Poetry Of Jayanta Mahapatra | ||
| 260 |
_bAtlantic Publishers _c2001 _aNew Delhi |
||
| 350 | _a250 | ||
| 650 |
_aPoetry _935610 |
||
| 942 |
_cBK _k821/Kum _2ddc |
||
| 999 |
_c31504 _d31504 |
||